[Event "4NCL/2001-02/D3/SCS-PP2"]
[Site "Rd10-Birmingham"]
[Date "2002.05.05"]
[Round "10.5"]
[White "Lutton, E Josiah"]
[Black "Retallick, Lloyd"]
[Result "0-1"]
[WhiteElo "2086"]
[BlackElo "1992"]
[PlyCount "118"]
[EventDate "2002.05.05"]
[EventType "team-match"]
[EventCountry "ENG"]
[SourceTitle "BritBase"]
[Source "John Saunders"]
[SourceDate "2024.10.24"]
[SourceVersion "1"]
[SourceVersionDate "2024.10.24"]
[SourceQuality "1"]
[WhiteTeam "Southern Counties Stars"]
[BlackTeam "Poisoned Pawns 2"]
[WhiteTeamCountry "ENG"]
[BlackTeamCountry "ENG"]

1. e4 c6 2. Nc3 d5 3. d4 dxe4 4. Nxe4 Nd7 5. Nf3 Ngf6 6. Ng3 e6 7. Bd3 Be7 8. O-O c5 9. c3 O-O 10. Ne5 cxd4 11. cxd4 Qb6 12. Ne4 Nxe4 13. Bxe4 Nf6 14. Bc2 Rd8 15. Nf3 Bd7 16. b3 Bc6 17. Bb2 Bd5 18. Ne5 Rac8 19. Rc1 Qa6 20. Bb1 b6 21. Qd2 Qb7 22. f3 Bd6 23. Qe2 g6 24. Bd3 Rxc1 25. Rxc1 Rc8 26. Qd2 Rxc1+ 27. Qxc1 Qc7 28. Qg5 Nh5 29. Ng4 Bf4 30. Qh4 Bc1 31. Qf2 Bxb2 32. Qxb2 Qf4 33. Qc2 Qxd4+ 34. Kf1 {=} Nf4 35. Bb5 h5 36. Nf2 e5 37. Nd3 Nxd3 38. Bxd3 Kg7 39. Be4 Be6 40. h3 Bd7 41. Bd3 Be6 42. Be4 {=} a5 43. Bc6 Bc8 44. Bb5 Bf5 45. Qe2 Bb1 46. a4 Qa1 47. Qe1 Qb2 48. Bc4 Bf5 49. Qe3 Qd4 50. Qe2 Qc3 51. Kg1 {=} Qd4+ 52. Kh1 g5 53. Qf1 Qf4 54. Bd3 g4 55. hxg4 hxg4 56. Bxf5 Qxf5 57. Qe1 gxf3 58. Qg3+ Kf8 59. gxf3 Qh7+ 0-1

[Event "4NCL/2001-02/D3/SCS-PP2"]
[Site "Rd10-Birmingham"]
[Date "2002.05.05"]
[Round "10.6"]
[White "James, Stephen B"]
[Black "Lutton, J Ezra"]
[Result "1/2-1/2"]
[WhiteElo "1904"]
[BlackElo "2090"]
[PlyCount "61"]
[EventDate "2002.05.05"]
[EventType "team-match"]
[EventCountry "ENG"]
[SourceTitle "BritBase"]
[Source "John Saunders"]
[SourceDate "2024.10.24"]
[SourceVersion "1"]
[SourceVersionDate "2024.10.24"]
[SourceQuality "1"]
[WhiteTeam "Poisoned Pawns 2"]
[BlackTeam "Southern Counties Stars"]
[WhiteTeamCountry "ENG"]
[BlackTeamCountry "ENG"]

1. e4 e6 2. d4 d5 3. Nc3 Bb4 4. e5 c5 5. a3 Bxc3+ 6. bxc3 Ne7 7. Qg4 Qc7 8. Qxg7 Rg8 9. Qxh7 cxd4 10. Ne2 Nbc6 11. f4 Bd7 12. Qd3 dxc3 13. Rb1 Rc8 14. h3 Na5 15. g4 a6 16. Nd4 Nc4 17. Bg2 Qa5 18. Rxb7 Ba4 19. Rb1 Nb2 20. Bxb2 cxb2+ 21. Qd2 Qxd2+ 22. Kxd2 Nf5 23. Nb3 Ne3 24. Kxe3 Rxc2 25. Bxd5 exd5 26. Nd4 Rg2 27. Kf3 Rd2 28. Ke3 {=} Rg2 29. Kf3 Rd2 30. Ke3 Rg2 31. Kf3 1/2-1/2

[Event "4NCL/2001-02/D3/SCS-PP2"]
[Site "Rd10-Birmingham"]
[Date "2002.05.05"]
[Round "10.7"]
[White "Heaton, Robert"]
[Black "Quintana, Marcos I"]
[Result "1-0"]
[WhiteElo "1704"]
[BlackElo "1850"]
[PlyCount "78"]
[EventDate "2002.05.05"]
[EventType "team-match"]
[EventCountry "ENG"]
[SourceTitle "BritBase"]
[Source "John Saunders"]
[SourceDate "2024.10.24"]
[SourceVersion "1"]
[SourceVersionDate "2024.10.24"]
[SourceQuality "1"]
[WhiteTeam "Southern Counties Stars"]
[BlackTeam "Poisoned Pawns 2"]
[WhiteTeamCountry "ENG"]
[BlackTeamCountry "ENG"]

1. d4 Nf6 2. Bg5 d6 3. Nc3 Nbd7 4. e4 c5 5. Nf3 cxd4 6. Nxd4 a6 7. Bd3 g6 8. Qd2 Bg7 9. Nde2 Nc5 10. f3 b5 11. Ng3 b4 12. Nce2 Nxd3+ 13. cxd3 a5 14. O-O-O Be6 15. Kb1 Qd7 16. Nf4 Bxa2+ 17. Kxa2 Qa4+ 18. Kb1 b3 19. Qc3 Nxe4 20. Nxe4 Bxc3 21. Nxc3 Qd4 22. Nfd5 Rc8 23. Rhe1 O-O 24. Nxe7+ Kg7 25. Ncd5 Qa4 26. Bf6+ Kh6 27. Nc3 Rxc3 28. Bxc3 Qa2+ 29. Kc1 Qa1+ 30. Kd2 Qa4 31. Re4 Qb5 {=} 32. Rh4+ Kg5 33. Rg4+ Kh6 34. Bf6 g5 35. Bxg5+ Kh5 36. Bf6 Qb4+ 37. Rxb4 axb4 38. g4+ Kh6 39. Rg1 Ra8 {time} 1-0

[Event "4NCL/2001-02/D3/SCS-PP2"]
[Site "Rd10-Birmingham"]
[Date "2002.05.05"]
[Round "10.8"]
[White "Aarons, Poppy"]
[Black "Miller, Naomi"]
[Result "0-1"]
[WhiteElo "1464"]
[BlackElo "1368"]
[PlyCount "40"]
[EventDate "2002.05.05"]
[EventType "team-match"]
[EventCountry "ENG"]
[SourceTitle "BritBase"]
[Source "John Saunders"]
[SourceDate "2024.10.24"]
[SourceVersion "1"]
[SourceVersionDate "2024.10.24"]
[SourceQuality "1"]
[WhiteTeam "Poisoned Pawns 2"]
[BlackTeam "Southern Counties Stars"]
[WhiteTeamCountry "ENG"]
[BlackTeamCountry "ENG"]

1. e4 c5 2. Nc3 Nc6 3. Bb5 g6 4. Bxc6 bxc6 5. f4 Bg7 6. d3 d5 7. Qf3 e6 8. Nge2 Ne7 9. O-O O-O 10. g4 f5 11. g5 e5 12. Qg3 Qd6 13. h4 Ba6 14. Rf2 Rab8 15. Rh2 dxe4 16. dxe4 fxe4 17. Nxe4 Qd1+ 18. Kg2 Qxe2+ 19. Nf2 Nf5 20. Qa3 Qf1+ 0-1

[Event "4NCL/2001-02/D3/SWD2-MK"]
[Site "Rd10-Birmingham"]
[Date "2002.05.05"]
[Round "10.1"]
[White "Morris, Charles F"]
[Black "Macdonald-Ross, Michael"]
[Result "1/2-1/2"]
[WhiteElo "2253"]
[BlackElo "2169"]
[PlyCount "42"]
[EventDate "2002.05.05"]
[EventType "team-match"]
[EventCountry "ENG"]
[SourceTitle "BritBase"]
[Source "John Saunders"]
[SourceDate "2024.10.24"]
[SourceVersion "1"]
[SourceVersionDate "2024.10.24"]
[SourceQuality "1"]
[WhiteTeam "South Wales Dragons 2"]
[BlackTeam "Milton Keynes"]
[WhiteTeamCountry "WLS"]
[BlackTeamCountry "ENG"]

1. Nf3 Nf6 2. g3 d5 3. Bg2 c6 4. O-O Bg4 5. Ne5 Bh5 6. d4 Nbd7 7. c4 e6 8. Nc3 Nxe5 9. dxe5 Nd7 10. cxd5 cxd5 11. Qa4 Be7 12. g4 Bg6 13. e4 O-O 14. exd5 Nxe5 15. Rd1 Bc5 16. Ne4 b5 17. Qxb5 Bxe4 18. Bxe4 Qh4 19. Be3 Bxe3 20. fxe3 Qxg4+ 21. Bg2 Rab8 1/2-1/2

[Event "4NCL/2001-02/D3/SWD2-MK"]
[Site "Rd10-Birmingham"]
[Date "2002.05.05"]
[Round "10.2"]
[White "Smith, Graham M"]
[Black "Spice, Alan P"]
[Result "1-0"]
[WhiteElo "1992"]
[BlackElo "2201"]
[PlyCount "109"]
[EventDate "2002.05.05"]
[EventType "team-match"]
[EventCountry "ENG"]
[SourceTitle "BritBase"]
[Source "John Saunders"]
[SourceDate "2024.10.24"]
[SourceVersion "1"]
[SourceVersionDate "2024.10.24"]
[SourceQuality "1"]
[WhiteTeam "Milton Keynes"]
[BlackTeam "South Wales Dragons 2"]
[WhiteTeamCountry "ENG"]
[BlackTeamCountry "WLS"]

1. d4 e6 2. Nf3 f5 3. d5 exd5 4. Qxd5 d6 5. Bg5 Be7 6. Bxe7 Qxe7 7. Nc3 Nf6 8. Qd2 Ne4 9. Nxe4 fxe4 10. Nd4 e3 11. Qxe3 Qxe3 12. fxe3 Bd7 13. g3 Bc6 14. Nxc6 Nxc6 15. Bg2 Kd7 16. Bxc6+ Kxc6 17. Rf1 Rhf8 18. Kd2 Kd5 19. Rf3 Ke6 20. Raf1 Rfe8 21. Rf7 Re7 22. Rxe7+ Kxe7 23. Rf4 g5 24. Rf5 g4 25. Rh5 Kf6 26. e4 Kg6 27. Rf5 h5 28. Ke3 Re8 29. Kf4 Re6 30. Rg5+ Kh6 31. Ra5 a6 32. e5 b6 33. Rd5 dxe5+ 34. Rxe5 Rc6 35. c3 Kg6 36. Rg5+ Kh6 37. e4 Rd6 38. Rd5 Rf6+ 39. Rf5 Rd6 40. Ke3 Kg6 41. Rd5 Rf6 42. Rd2 Rf1 43. Rf2 Ra1 44. a3 c5 45. Rd2 Rh1 46. Kf4 Rf1+ 47. Ke5 Kg5 48. Kd5 Re1 49. e5 Kg6 50. Kd6 Kf7 51. Rf2+ Ke8 52. Ke6 Rh1 53. Re2 Rf1 54. Kd6 b5 55. Kxc5 1-0

[Event "4NCL/2001-02/D3/SWD2-MK"]
[Site "Rd10-Birmingham"]
[Date "2002.05.05"]
[Round "10.3"]
[White "Saunders, John C"]
[Black "Freeman, Richard CP"]
[Result "1/2-1/2"]
[WhiteElo "2200"]
[BlackElo "2011"]
[PlyCount "33"]
[EventDate "2002.05.05"]
[EventType "team-match"]
[EventCountry "ENG"]
[SourceTitle "BritBase"]
[Source "John Saunders"]
[SourceDate "2024.10.24"]
[SourceVersion "1"]
[SourceVersionDate "2024.10.24"]
[SourceQuality "1"]
[WhiteTeam "South Wales Dragons 2"]
[BlackTeam "Milton Keynes"]
[WhiteTeamCountry "WLS"]
[BlackTeamCountry "ENG"]

1. e4 c5 2. c3 g6 3. d4 cxd4 4. cxd4 d5 5. exd5 Nf6 6. Bc4 Nxd5 7. Qb3 e6 8. Nf3 Bg7 9. Nc3 Nxc3 10. bxc3 O-O 11. O-O Nc6 12. Be2 Qc7 13. Rd1 b6 14. Be3 Bb7 15. Rac1 Rac8 16. Nd2 Na5 17. Qb5 1/2-1/2

[Event "4NCL/2001-02/D3/SWD2-MK"]
[Site "Rd10-Birmingham"]
[Date "2002.05.05"]
[Round "10.4"]
[White "Kendall, Paul Stephen N"]
[Black "Trevelyan, John"]
[Result "0-1"]
[WhiteElo "1968"]
[BlackElo "2178"]
[PlyCount "102"]
[EventDate "2002.05.05"]
[EventType "team-match"]
[EventCountry "ENG"]
[SourceTitle "BritBase"]
[Source "John Saunders"]
[SourceDate "2024.10.24"]
[SourceVersion "1"]
[SourceVersionDate "2024.10.24"]
[SourceQuality "1"]
[WhiteTeam "Milton Keynes"]
[BlackTeam "South Wales Dragons 2"]
[WhiteTeamCountry "ENG"]
[BlackTeamCountry "WLS"]

1. e4 d6 2. Nf3 Nf6 3. c3 e5 4. Be2 Nbd7 5. d3 Be7 6. O-O c6 7. Nbd2 h6 8. d4 O-O 9. Qc2 Nh7 10. dxe5 dxe5 11. Nc4 Qc7 12. Ne3 g6 13. b3 Nc5 14. Nc4 Ng5 15. Ncxe5 Ncxe4 16. Nxg5 Nxg5 17. Ng4 h5 18. h4 hxg4 19. hxg5 Qe5 20. Bc4 Bf5 21. Qe2 {=} Qxe2 22. Bxe2 Bc5 23. Bf4 Rfe8 24. Rfe1 Re4 25. g3 Rae8 26. Kf1 Rxe2 27. Rxe2 Bd3 28. Rae1 a6 29. a4 b5 30. axb5 axb5 31. b4 Bb6 32. Bd2 Re4 33. Bf4 Kf8 34. Bd6+ Ke8 35. Bf4 Ke7 36. Bc1 Ke6 37. Be3 Bxe3 38. Kg2 Bxe2 39. Rxe2 Kd5 40. fxe3 Kc4 41. Rf2 Re7 42. Rf4+ Kxc3 43. Kf2 c5 44. bxc5 b4 45. Ke2 b3 46. Rd4 b2 47. Rd3+ Kc2 48. Rd2+ Kb3 49. Rd1 Ka2 50. Rd2 Rc7 51. Rc2 Kb3 0-1

[Event "4NCL/2001-02/D3/SWD2-MK"]
[Site "Rd10-Birmingham"]
[Date "2002.05.05"]
[Round "10.5"]
[White "May, Frank WLS"]
[Black "Elwin, Adrian G"]
[Result "0-1"]
[WhiteElo "2151"]
[BlackElo "1968"]
[PlyCount "68"]
[EventDate "2002.05.05"]
[EventType "team-match"]
[EventCountry "ENG"]
[SourceTitle "BritBase"]
[Source "John Saunders"]
[SourceDate "2024.10.24"]
[SourceVersion "1"]
[SourceVersionDate "2024.10.24"]
[SourceQuality "1"]
[WhiteTeam "South Wales Dragons 2"]
[BlackTeam "Milton Keynes"]
[WhiteTeamCountry "WLS"]
[BlackTeamCountry "ENG"]

1. Nf3 d5 2. d4 Nf6 3. c4 c6 4. Nc3 dxc4 5. a4 e6 6. e3 Bb4 7. Bxc4 Nbd7 8. O-O O-O 9. Qe2 c5 10. Rd1 Qe7 11. Na2 b6 12. Nxb4 cxb4 13. e4 Bb7 14. e5 Nd5 15. Bg5 f6 16. exf6 gxf6 17. Bh6 Rfe8 18. Re1 Qf7 19. Nh4 f5 20. Bxd5 Bxd5 21. Bf4 Qg7 22. Qe3 Kh8 23. a5 b5 24. Rac1 Rg8 25. f3 Rac8 26. Kf2 Qf6 {=} 27. g3 Rc4 28. Be5 Nxe5 29. dxe5 Qe7 30. b3 Rc7 31. Rxc7 Qxc7 32. Rc1 Qxa5 33. Qh6 Qd8 34. Qe3 Qb6 {time} 0-1

[Event "4NCL/2001-02/D3/SWD2-MK"]
[Site "Rd10-Birmingham"]
[Date "2002.05.05"]
[Round "10.6"]
[White "Thomas, Philip"]
[Black "Roberts, David L"]
[Result "0-1"]
[WhiteElo "1960"]
[BlackElo "2120"]
[PlyCount "94"]
[EventDate "2002.05.05"]
[EventType "team-match"]
[EventCountry "ENG"]
[SourceTitle "BritBase"]
[Source "John Saunders"]
[SourceDate "2024.10.24"]
[SourceVersion "1"]
[SourceVersionDate "2024.10.24"]
[SourceQuality "1"]
[WhiteTeam "Milton Keynes"]
[BlackTeam "South Wales Dragons 2"]
[WhiteTeamCountry "ENG"]
[BlackTeamCountry "WLS"]

1. e4 e5 2. d4 Nc6 3. dxe5 Nxe5 4. f4 Ng6 5. Bc4 d6 6. Nc3 Nf6 7. e5 Qe7 8. Qf3 c6 9. Be3 dxe5 10. Nge2 Nh4 11. Qf1 Nf5 12. Bg1 e4 13. O-O-O Qb4 14. Nd4 Be7 15. a3 Qa5 16. Qe2 Nd6 17. h3 h5 18. Bf2 Bd7 19. Bh4 O-O-O 20. Bxf6 Bxf6 21. Nxe4 Nxe4 22. Qxe4 Rhe8 23. Nb3 Qa4 24. Qd3 Bg4 25. hxg4 Rxd3 26. Bxd3 Qxf4+ 27. Kb1 Qxg4 28. Rhf1 Qxg2 29. Nc5 Kc7 30. a4 Qd5 31. Nb3 Qe5 32. c3 g6 33. a5 Re7 34. Rd2 Bg5 35. Re2 Qd5 36. Nd4 Rxe2 37. Bxe2 f5 38. a6 bxa6 39. Bf3 Qc4 40. Re1 Qd3+ 41. Ka1 Bf6 42. Rd1 Qe3 43. Bh1 Bxd4 44. cxd4 g5 45. Kb1 f4 46. Rc1 f3 47. d5 Qe4+ 0-1

[Event "4NCL/2001-02/D3/SWD2-MK"]
[Site "Rd10-Birmingham"]
[Date "2002.05.05"]
[Round "10.7"]
[White "Brown, Alan M"]
[Black "Griffiths, Adele"]
[Result "1-0"]
[WhiteElo "1912"]
[BlackElo "2005"]
[PlyCount "57"]
[EventDate "2002.05.05"]
[EventType "team-match"]
[EventCountry "ENG"]
[SourceTitle "BritBase"]
[Source "John Saunders"]
[SourceDate "2024.10.24"]
[SourceVersion "1"]
[SourceVersionDate "2024.10.24"]
[SourceQuality "1"]
[WhiteTeam "South Wales Dragons 2"]
[BlackTeam "Milton Keynes"]
[WhiteTeamCountry "WLS"]
[BlackTeamCountry "ENG"]

1. d4 Nf6 2. c4 g6 3. Nc3 Bg7 4. e4 d6 5. Be2 O-O 6. Bg5 a6 7. Qd2 Nbd7 8. Nf3 c5 9. d5 Rb8 10. a4 Qa5 11. O-O Qd8 12. Rfd1 Ne8 13. h3 f6 14. Be3 Ne5 15. Nh2 g5 16. f4 gxf4 17. Bxf4 Ng6 18. Be3 Kh8 19. Bh5 Ne5 {=} 20. Qe2 Rg8 21. Nf3 Bf8 22. Kh2 Ng6 23. Rf1 Ng7 24. Bxg6 hxg6 25. Qf2 g5 26. Bxg5 fxg5 27. Nxg5 Qe8 28. Nf7+ Kh7 29. Qh4+ 1-0

[Event "4NCL/2001-02/D3/SWD2-MK"]
[Site "Rd10-Birmingham"]
[Date "2002.05.05"]
[Round "10.8"]
[White "Mahony, Richard"]
[Black "Wilson, Julie C"]
[Result "1-0"]
[WhiteElo "1824"]
[BlackElo "1648"]
[PlyCount "99"]
[EventDate "2002.05.05"]
[EventType "team-match"]
[EventCountry "ENG"]
[SourceTitle "BritBase"]
[Source "John Saunders"]
[SourceDate "2024.10.24"]
[SourceVersion "1"]
[SourceVersionDate "2024.10.24"]
[SourceQuality "1"]
[WhiteTeam "Milton Keynes"]
[BlackTeam "South Wales Dragons 2"]
[WhiteTeamCountry "ENG"]
[BlackTeamCountry "WLS"]

1. Nf3 e6 2. c4 Nf6 3. Nc3 b6 4. g3 Bb7 5. Bg2 c5 6. O-O Be7 7. b3 O-O 8. Bb2 d5 9. cxd5 Nxd5 10. Nxd5 Bxd5 11. d4 Nd7 12. Nd2 Bxg2 13. Kxg2 cxd4 14. Bxd4 e5 15. Bb2 f5 16. Nc4 e4 17. Qd5+ Kh8 18. Nd6 Nf6 19. Nf7+ Kg8 20. Nh6+ Kh8 21. Qxd8 Raxd8 22. Nxf5 Bc5 23. Rad1 Kg8 24. Bxf6 gxf6 25. Ne3 Bxe3 {=} 26. fxe3 Kf7 27. Rd4 Rfe8 28. Rc1 Kg6 29. Rc7 a5 30. Rc6 Rc8 31. Rdd6 Rxc6 32. Rxc6 Rb8 33. g4 Kf7 34. Kg3 b5 35. Kf4 Rd8 36. Ra6 a4 37. bxa4 bxa4 38. Rxa4 Rd2 39. Kxe4 Rxe2 40. h4 Kg6 41. Kf3 Rh2 42. Kg3 Re2 43. h5+ Kg7 44. Kf3 Re1 45. Rd4 Rf1+ 46. Ke2 Rh1 47. a4 Kh6 48. a5 Ra1 49. Rd5 Ra4 50. Kf3 1-0

[Event "4NCL/2001-02/D3/WS-GUI2"]
[Site "Rd10-Birmingham"]
[Date "2002.05.05"]
[Round "10.1"]
[White "Mason, Donald J"]
[Black "Kinsman, Andrew PH"]
[Result "1/2-1/2"]
[WhiteElo "2284"]
[BlackElo "2401"]
[PlyCount "98"]
[EventDate "2002.05.05"]
[EventType "team-match"]
[EventCountry "ENG"]
[SourceTitle "BritBase"]
[Source "John Saunders"]
[SourceDate "2024.10.24"]
[SourceVersion "1"]
[SourceVersionDate "2024.10.24"]
[SourceQuality "1"]
[WhiteTeam "Warwickshire Select"]
[BlackTeam "Guildford-ADC 2"]
[WhiteTeamCountry "ENG"]
[BlackTeamCountry "ENG"]

1. e4 e6 2. d4 d5 3. Nd2 Nf6 4. Bd3 c5 5. c3 cxd4 6. cxd4 dxe4 7. Nxe4 Nxe4 8. Bxe4 Bb4+ 9. Bd2 Bxd2+ 10. Qxd2 Nd7 11. Ne2 Nf6 12. Bf3 O-O 13. O-O Rb8 14. Qf4 Bd7 15. Rfc1 Qb6 16. Rc2 Bb5 17. Qc7 Qa6 18. Nf4 b6 19. Qe5 Rbc8 20. Rd2 Rfe8 21. a3 Bc6 22. Bxc6 Rxc6 23. Re1 Qc8 24. h3 Rc1 25. Kh2 Rd8 26. Rd3 Rxe1 27. Qxe1 Nd5 28. Nxd5 Rxd5 29. Rc3 Qd7 30. Qc1 g6 31. Rc8+ Kg7 32. Rc7 Qd6+ 33. g3 Rxd4 34. Rxa7 Rd2 35. Qc3+ e5 36. Qf3 Qf6 37. Qxf6+ Kxf6 38. Kg2 Rxb2 39. Kf3 h5 40. h4 Ke6 41. a4 f6 42. a5 bxa5 43. Rxa5 Rb3+ 44. Ke2 Kf5 45. Ra8 g5 46. hxg5 fxg5 47. Rf8+ Kg4 48. Rg8 Ra3 49. Rg7 Rb3 1/2-1/2

[Event "4NCL/2001-02/D3/WS-GUI2"]
[Site "Rd10-Birmingham"]
[Date "2002.05.05"]
[Round "10.2"]
[White "Povah, Nigel Edward"]
[Black "Wu, Li"]
[Result "1-0"]
[WhiteElo "2351"]
[BlackElo "2160"]
[PlyCount "111"]
[EventDate "2002.05.05"]
[EventType "team-match"]
[EventCountry "ENG"]
[SourceTitle "BritBase"]
[Source "John Saunders"]
[SourceDate "2024.10.24"]
[SourceVersion "1"]
[SourceVersionDate "2024.10.24"]
[SourceQuality "1"]
[WhiteTeam "Guildford-ADC 2"]
[BlackTeam "Warwickshire Select"]
[WhiteTeamCountry "ENG"]
[BlackTeamCountry "ENG"]

1. d4 Nf6 2. Bg5 e6 3. e4 c5 4. e5 h6 5. Bc1 Nd5 6. c4 Nb6 7. dxc5 Bxc5 8. Qg4 Kf8 9. a3 Nc6 10. Nf3 Qc7 11. Qe4 d5 12. exd6 Bxd6 13. Nc3 a6 14. b4 Ne5 15. c5 Nxf3+ 16. Qxf3 Be5 17. Bb2 Nd5 18. Rd1 Nxc3 19. Bxc3 Bd7 20. Qe3 Bxc3+ 21. Qxc3 Bc6 22. f3 Rd8 23. Bd3 Qf4 24. O-O Qe3+ 25. Kh1 Ke7 26. Rfe1 Qf2 27. Rxe6+ Kxe6 28. Re1+ Qxe1+ 29. Qxe1+ Kf6 30. Qc3+ Ke7 31. Qe5+ Kf8 32. Bc2 h5 33. Bb3 Rh6 34. Qc7 Rd7 35. Qb8+ Ke7 36. h4 Rd3 37. Qc7+ Rd7 38. Qe5+ Kf8 39. Qb8+ Ke7 40. Kh2 Rd3 41. Qe5+ Kf8 42. Bxf7 Rxa3 43. Bxh5 Kg8 44. Qg5 Rf6 45. Bg6 Ra2 46. Kg3 Rb2 47. Qh5 Rxb4 48. Qh7+ Kf8 49. Qh8+ Ke7 50. Qxg7+ Ke6 51. h5 Rbf4 52. Qg8+ Ke7 53. h6 Rf8 54. h7 Bxf3 55. h8=Q Rg4+ 56. Kh3 1-0

[Event "4NCL/2001-02/D3/WS-GUI2"]
[Site "Rd10-Birmingham"]
[Date "2002.05.05"]
[Round "10.3"]
[White "Hynes, Anthony M"]
[Black "Broomfield, Matthew P"]
[Result "0-1"]
[WhiteElo "2232"]
[BlackElo "2235"]
[PlyCount "54"]
[EventDate "2002.05.05"]
[EventType "team-match"]
[EventCountry "ENG"]
[SourceTitle "BritBase"]
[Source "John Saunders"]
[SourceDate "2024.10.24"]
[SourceVersion "1"]
[SourceVersionDate "2024.10.24"]
[SourceQuality "1"]
[WhiteTeam "Warwickshire Select"]
[BlackTeam "Guildford-ADC 2"]
[WhiteTeamCountry "ENG"]
[BlackTeamCountry "ENG"]

1. e4 Nf6 2. e5 Nd5 3. d4 d6 4. c4 Nb6 5. f4 dxe5 6. fxe5 Bf5 7. Nc3 e6 8. Nf3 Bb4 9. Bd2 Nc6 10. a3 Be7 11. Be3 Bg4 12. Be2 Bxf3 13. gxf3 Bh4+ 14. Kf1 O-O 15. Kg2 Qd7 16. Ne4 Rad8 17. Nc5 Qc8 18. f4 f6 19. Kh3 fxe5 20. Kxh4 Nxd4 21. Bd3 Nf5+ 22. Bxf5 Rxf5 23. Qe2 exf4 24. Bf2 e5 25. Qf3 Rd6 26. Qxb7 Rh5+ 27. Kxh5 Qf5+ 0-1

[Event "4NCL/2001-02/D3/WS-GUI2"]
[Site "Rd10-Birmingham"]
[Date "2002.05.05"]
[Round "10.4"]
[White "Thompson, Ian D"]
[Black "Dighton, Simon G"]
[Result "1/2-1/2"]
[WhiteElo "2231"]
[BlackElo "2234"]
[PlyCount "51"]
[EventDate "2002.05.05"]
[EventType "team-match"]
[EventCountry "ENG"]
[SourceTitle "BritBase"]
[Source "John Saunders"]
[SourceDate "2024.10.24"]
[SourceVersion "1"]
[SourceVersionDate "2024.10.24"]
[SourceQuality "1"]
[WhiteTeam "Guildford-ADC 2"]
[BlackTeam "Warwickshire Select"]
[WhiteTeamCountry "ENG"]
[BlackTeamCountry "ENG"]

1. c4 Nf6 2. Nc3 e6 3. e4 d5 4. e5 Nfd7 5. cxd5 Nxe5 6. d4 Ng6 7. dxe6 Bxe6 8. d5 Bf5 9. Nf3 Bc5 10. Be2 O-O 11. O-O c6 12. Nd4 Bxd4 13. Qxd4 cxd5 14. Qxd5 Qxd5 15. Nxd5 Nc6 16. Be3 Rad8 17. Rfd1 Rd7 18. Rd2 Rfd8 19. Rad1 Be6 20. Bg5 Re8 21. Nc3 Rxd2 22. Rxd2 f6 23. Be3 Nge5 24. b3 b6 25. h3 Rd8 26. Rxd8+ 1/2-1/2

[Event "4NCL/2001-02/D3/WS-GUI2"]
[Site "Rd10-Birmingham"]
[Date "2002.05.05"]
[Round "10.5"]
[White "Thomas, Nicholas"]
[Black "Jackson, Adrian"]
[Result "1/2-1/2"]
[WhiteElo "2237"]
[BlackElo "2256"]
[PlyCount "46"]
[EventDate "2002.05.05"]
[EventType "team-match"]
[EventCountry "ENG"]
[SourceTitle "BritBase"]
[Source "John Saunders"]
[SourceDate "2024.10.24"]
[SourceVersion "1"]
[SourceVersionDate "2024.10.24"]
[SourceQuality "1"]
[WhiteTeam "Warwickshire Select"]
[BlackTeam "Guildford-ADC 2"]
[WhiteTeamCountry "ENG"]
[BlackTeamCountry "ENG"]

1. e4 c5 2. Nc3 Nc6 3. g3 g6 4. Bg2 Bg7 5. d3 d6 6. f4 Rb8 7. Be3 Nd4 8. Rb1 b5 9. a3 a5 10. Nf3 b4 11. axb4 axb4 12. Ne2 Bg4 13. Nexd4 cxd4 14. Bf2 e5 15. Qd2 Ne7 16. O-O O-O 17. Ra1 Nc6 18. Ra6 Rb6 19. Ra4 Qd7 20. Rfa1 Rfb8 21. b3 Bh6 22. Qc1 Qe7 23. Be1 Bg7 1/2-1/2

[Event "4NCL/2001-02/D3/WS-GUI2"]
[Site "Rd10-Birmingham"]
[Date "2002.05.05"]
[Round "10.6"]
[White "Frostick, Clive Anthony"]
[Black "Pitcher, John T"]
[Result "1/2-1/2"]
[WhiteElo "2184"]
[BlackElo "2128"]
[PlyCount "124"]
[EventDate "2002.05.05"]
[EventType "team-match"]
[EventCountry "ENG"]
[SourceTitle "BritBase"]
[Source "John Saunders"]
[SourceDate "2024.10.24"]
[SourceVersion "1"]
[SourceVersionDate "2024.10.24"]
[SourceQuality "1"]
[WhiteTeam "Guildford-ADC 2"]
[BlackTeam "Warwickshire Select"]
[WhiteTeamCountry "ENG"]
[BlackTeamCountry "ENG"]

1. d4 d5 2. Nf3 Nf6 3. e3 c6 4. c4 a6 5. Bd3 Bg4 6. Qb3 Bxf3 7. gxf3 Qc7 8. Nc3 e6 9. Bd2 Nbd7 10. Rc1 dxc4 11. Bxc4 b5 12. Be2 c5 13. dxc5 Nxc5 14. Qc2 Be7 15. b4 Ncd7 16. Ne4 Qxc2 17. Rxc2 Nd5 18. a3 f5 19. Nc3 Rc8 20. O-O N7b6 21. Rfc1 Kd7 22. e4 Nxc3 23. Bxc3 Bg5 24. Rd1+ Ke7 25. Bd3 Rhd8 26. Kf1 fxe4 27. fxe4 Na4 28. Bd2 Bxd2 29. Rxc8 Rxc8 30. Rxd2 Rd8 31. Ke2 e5 32. Rc2 Kd6 33. Ke3 g5 34. Be2 Nb6 35. Rd2+ Ke7 36. Rxd8 Kxd8 37. Kf3 Ke7 38. Kg4 Kf6 39. Kh5 Nc8 40. Kh6 Nd6 41. f3 Nb7 42. Kxh7 Nd8 43. Bd1 Nc6 44. Kg8 Kg6 45. Kf8 Kf6 46. Ke8 Ke6 47. Bb3+ Kd6 48. Kf7 a5 49. bxa5 Nxa5 50. Ba2 Nc6 51. Bb3 Na5 52. Bd5 Nc4 53. Kf6 Nd2 54. h3 Nxf3 55. Bb3 Nd2 56. Bc2 Nc4 57. Kxg5 Nxa3 58. Bb3 Nc4 59. h4 Ke7 60. Kg6 Kf8 61. Kf6 Nd2 62. Bd5 Nxe4+ 1/2-1/2

[Event "4NCL/2001-02/D3/WS-GUI2"]
[Site "Rd10-Birmingham"]
[Date "2002.05.05"]
[Round "10.7"]
[White "Baruch, Andrew Jan Daniel"]
[Black "Coates, Kenneth G"]
[Result "1-0"]
[WhiteElo "2064"]
[BlackElo "2188"]
[PlyCount "125"]
[EventDate "2002.05.05"]
[EventType "team-match"]
[EventCountry "ENG"]
[SourceTitle "BritBase"]
[Source "John Saunders"]
[SourceDate "2024.10.24"]
[SourceVersion "1"]
[SourceVersionDate "2024.10.24"]
[SourceQuality "1"]
[WhiteTeam "Warwickshire Select"]
[BlackTeam "Guildford-ADC 2"]
[WhiteTeamCountry "ENG"]
[BlackTeamCountry "ENG"]

1. c4 c6 2. Nf3 d5 3. b3 Bf5 4. Bb2 e6 5. g3 Nf6 6. Bg2 Be7 7. O-O O-O 8. d3 Nbd7 9. Nbd2 Qc7 10. Rc1 Rad8 11. cxd5 exd5 12. a3 a5 13. Rc2 Rfe8 14. Nh4 Bg6 15. Nxg6 hxg6 16. Qb1 Qb6 17. e3 Bd6 18. Qa2 Qa6 19. Bxf6 gxf6 20. Rc3 f5 21. Rb1 Nf6 22. Bf1 Qa7 23. d4 Kg7 24. Qb2 c5 25. Nf3 b6 26. Rd1 Rc8 27. Rcd3 c4 28. bxc4 dxc4 29. Rc3 Qa6 30. Rdc1 b5 31. a4 Bb4 32. axb5 Qb7 33. Ne5 Bxc3 34. Rxc3 Ne4 35. Rxc4 Rxc4 36. Nxc4 a4 37. Bg2 Qd5 38. Qb4 Rc8 39. Bf1 Ng5 40. f4 Nf3+ 41. Kf2 Nxh2 42. Be2 Ng4+ 43. Ke1 Rb8 44. b6 Qe6 45. Kd2 Nxe3 46. Nxe3 Rxb6 47. Qxa4 Rb3 48. Bd3 Qb6 49. d5 Rb2+ 50. Bc2 Rb4 51. Qc6 Qd4+ 52. Ke2 Rb2 53. Qc7 Qb4 54. d6 Qb5+ 55. Kf2 Qb7 56. Qxb7 Rxb7 57. Nc4 Kf6 58. Ke3 Ke6 59. Kd4 f6 60. Kc5 g5 61. Nb6 gxf4 62. gxf4 Rxb6 63. Bxf5+ 1-0